000 00997nam a2200253 a 4500
001 000030989
003 OSt
005 20201216142210.0
007 ta
007 ta
008 110609s1906 dr 000 0 spa d
040 _aDO-SdBNP
_bspa
_cBNPHU
082 4 _a917.293
_bR432r
_222
245 0 3 _aLa República Dominicana :
_breseña de la República Dominicana
260 _aSanto Domingo, República Dominicana :
_bSecretaría de Estado de Fomento y Obras Públicas ;
_bLa Cuna de América,
_c1906.
300 _a1v. :
_bil., fots., retrs. ;
_c23 cm.
500 _aContiene una hoja plegable con la vista panorámica de la ciudad de Puerto Plata
651 4 _aRepública Dominicana
_xHistoria
_9170
651 4 _aRepública Dominicana
_xGeografía
_95410
651 4 _aRepública Dominicana
_xDescripciones y viajes
_91651
710 _aSecretaría de Estado de Fomento y Obras Públicas
_bRepública Dominicana
_957503
910 _aValidado. Control de calidad MFF
942 _2ddc
_cLBS1
999 _c30481
_d30481